[Event "Norway Chess 7th"]
[Site "Stavanger"]
[Date "2019.06.04"]
[Round "1"]
[White "Aronian, Levon"]
[Black "Grischuk, Alexander"]
[Result "1/2-1/2"]
[WhiteElo "2752"]
[BlackElo "2775"]
[Annotator "Lupulescu,C"]
[PlyCount "69"]
[EventDate "2019.06.04"]
[EventType "tourn"]
[EventRounds "9"]
[EventCountry "NOR"]
[EventCategory "22"]
[SourceTitle "CBM 191"]
[Source "ChessBase"]
[SourceDate "2019.08.31"]
[SourceVersion "1"]
[SourceVersionDate "2019.08.31"]
[SourceQuality "1"]

1. c4 c5 2. g3 g6 3. Bg2 Bg7 4. Nc3 Nc6 5. d3 d6 6. Qd2 {This strange move
already occurred in 38 games according to my database. It is the kind of move
you can explain to kids by saying "super grandmasters can do it." White's idea
is to prepare the development of his dark squared B on b2 while keeping
options on the kingside.} Qd7 {Black reckons that if White can play like this
he is also allowed to do the same} 7. b3 b6 8. Bb2 Bb7 {Continuing the
"imitation game".} 9. Nd5 {White has probably had enough of Black's mirroring
his moves and he dares him to continue it.} e5 (9... Nd4 {would not end well
for Black after the ridiculous variation} 10. e3 e6 11. Nf4 Nf5 12. g4 $16) 10.
f4 {A sensible plan to disturb the balance.} (10. e4 Nd4 {and we are back into
copycat mode.}) 10... Nge7 11. e4 Nxd5 12. cxd5 Nd4 13. Nf3 Nxf3+ 14. Bxf3 {
After 12.cxd5 White has at least managed to place a foot soldier in the
enemy's territory. However, considering all knight swaps, Black doesn't have
problems with space.} Qe7 15. h4 {White is eager to open the h-file.} (15. O-O
{was another sensible plan.} O-O 16. f5 {Looks a bit dangerous for Black
alhough he has his resources:} gxf5 (16... a5 17. Bg4 a4 18. Qf2 Qe8 19. f6 Bh8
{with a "complex" evaluation is one of the lines where you still feel there
could still be some hopes in a human vs machine fight.}) 17. exf5 Qf6 18. Be4
Bh6 19. Qe2 Kh8 20. Rf2 Rg8 {White seems easier to play but also Black is
quite solid.}) 15... f5 $1 {Although Black had other options I like this
principled approach.} 16. h5 {continuing his idea but it seems like White
overplayed his hand} (16. O-O-O {was more natural with a likely transposition
to the game after} O-O-O 17. h5) 16... O-O-O (16... exf4 $1 {could have tried
to take advantage of White's innacuracy:} 17. gxf4 (17. O-O-O fxg3 18. hxg6 (
18. exf5 $2 Bxb2+ 19. Qxb2 O-O-O $19 {[%cal Ge7e3]}) 18... O-O-O 19. gxh7 Rxh7
20. Rxh7 Bxb2+ 21. Qxb2 Qxh7 {and again White needs to be careful}) 17... fxe4
18. Bxe4 $1 ({The compliant} 18. dxe4 {gives Black an advantage:} Bxb2 19. Qxb2
Rf8 20. hxg6 hxg6 21. Qd2 (21. O-O-O Rxf4 22. Rh8+ Kd7 $17) 21... O-O-O 22.
O-O-O Qf6 23. Kc2 Qxf4 24. Qxf4 Rxf4 $15) 18... Bxd5 19. O-O-O Bxe4 20. dxe4
O-O-O 21. hxg6 hxg6 22. Rxh8 Bxh8 23. Bxh8 Rxh8 24. Qxd6 Qxe4 25. Qd7+ Kb8 26.
Qd6+ Kb7 27. Qd5+ {with a theoretical draw after the g- and f-pawns are
swapped.}) 17. O-O-O {The bishop b7 looks like a clumsy piece but at least is
keeping the black king protected} exf4 18. gxf4 Bxb2+ 19. Qxb2 Rhf8 {White has
more pawns in the centre but also more potential weaknesses.} 20. Rde1 Qf7 21.
Rh4 Qe7 (21... fxe4 $5 22. dxe4 Qe7 23. Qf2 {luring the white queen away from
the queenside was worth mentioning.} (23. Reh1 $2 g5 $17 {is Black's point}))
22. Rhh1 Qf7 23. Ref1 {The position is level but Aronian decides to play on.}
Kb8 (23... fxe4 $2 24. Bg4+ Kb8 25. Be6 {would be playing into White's hands})
24. Rhg1 fxe4 {Forcing simplifications.} 25. Bxe4 Bxd5 26. hxg6 hxg6 27. Bxg6
Qf6 28. f5 Rd7 29. Qxf6 Rxf6 30. Bh5 Kc7 {White has no way to remove Black's
blockade on f6} 31. Rg6 Rdf7 32. Rxf6 Rxf6 33. Bg6 Kd7 34. Kd2 Rf8 35. d4 {
A very original game that still couldn't help the players from reaching the
5th Armageddon of the round.} 1/2-1/2

[Event "Norway Chess 7th"]
[Site "Stavanger"]
[Date "2019.06.06"]
[Round "3"]
[White "Carlsen, Magnus"]
[Black "Grischuk, Alexander"]
[Result "1-0"]
[WhiteElo "2875"]
[BlackElo "2775"]
[Annotator "Nielsen,Peter Heine"]
[PlyCount "67"]
[EventDate "2019.06.04"]
[EventType "tourn"]
[EventRounds "9"]
[EventCountry "NOR"]
[EventCategory "22"]
[SourceTitle "CBM 191"]
[Source "ChessBase"]
[SourceDate "2019.08.31"]
[SourceVersion "1"]
[SourceVersionDate "2019.08.31"]
[SourceQuality "1"]

1. d4 Nf6 2. c4 g6 3. Nc3 d5 $1 {A curious moment. Norway Chess have for some
years used a " Confession booth", intended for the players to give messages to
the spectators during the games. Magnus took it a step further: "This is a
small shout-out to Peter Heine, who thought Grischuk would play the Kings
Indian, and not the Grunfeld: Clown!" The Norwegian media, as usual on the
search for stories, took it seriously and as journalistic fairness dictates,
contacted me during the game asking for a rebuttal!} 4. cxd5 Nxd5 5. e4 Nxc3 6.
bxc3 Bg7 7. Be3 c5 8. Rc1 Qa5 {Grischuks stays loyal to his preferred move.} ({
But in the next round Mamedyarov tried} 8... O-O {vs. Magnus both in the
classical and the Armageddon game.} 9. Nf3 Nd7 10. Be2 Qa5 11. O-O Qxa2 12. Nd2
Qa5 13. h4 $5 b5 14. h5 Bb7 15. h6 $1 {was the classical game. I recently
attributed the modern understanding of flank pawn attacks to Alphazero, and
some pointed out to me that opening the h-file and giving mate is not exactly
a new concept in chess! It's a fair point, so this diagram is a good
opportunity to point to what Alphazero has a preference for according to
Sadler and Regan in "Gamechanger": Exactly not going for the direct assualt in
the h-line but instead the slow and more cunning putrting the pawn on h6,
effectively closing the h-line but instead aiming for a slower and more
longterm attack. The benefits are numerous: especially it controls space at
the critical area next to Blacks king, and cramping his defence, like in the
game forcing the bishop to h8 where it blocks the king's potential retreat. As
well in tactical sequences the pawn is only 2 squares from promoting. Not at
all as direct as the typical hxg6 and mate in the h-line, but at times, much
more powerful the game being a good illustration.} Bh8 16. e5 Qc7 17. Bxb5 $1
Bxg2 18. Kxg2 Qb7+ 19. Qf3 Qxb5 20. Rb1 Qa6 21. Ne4 cxd4 22. cxd4 f6 23. Ng5 $1
{The "cramped" nature of Black's kingside is making itself felt with 24.Qd5+
being a deadly threat.} {Mamedyarov succesfully confused with} e6 ({After} 
23... fxg5 24. Qd5+ e6 25. Qxd7 {Blacks position is hopeless with the bishop
on h8 practically being dead due to the pawns on d4, e5 and h6.}) {upon which
Magnus blundered with} 24. Ra1 $2 ({Instead,} 24. Qb7 $1 {would have been
deadly, as after after the exchanges of queens with} Qxb7+ ({If} 24... Qe2 25.
Qxd7 {wins as there is no perpetual after} Qg4+ 26. Kh2 fxg5 27. f3 $1 {
as if Black takes twice on f3, Qxe6+ afterwards forces an eaisly winning
ending, again due to the bishop being locked at h8.}) 25. Rxb7 Nxe5 {there is
the strong} 26. Nxe6 $1) {having missed} 24... Qb6 $1) 9. Qd2 O-O 10. Nf3 Bg4
$5 {Grischuk's pet line, which he used twice at Norway Chess 2014.} 11. d5 {
Karjakin tried 11 Ng5, but Magnus instead follows in the footsteps of Kramnik:}
b5 $1 ({Despite winning the game vs. Kramnik} 11... Nd7 12. c4 Qa3 13. Be2 Bxf3
14. Bxf3 Bd4 $1 {Grischuk decides to avoid Magnus' preparation (!) and springs
his new idea first.}) 12. Be2 ({Critical might be to take the pawn on c5, but
after} 12. Bxc5 Bxf3 13. gxf3 Rc8 14. Bb4 (14. Bd4 Bxd4 15. Qxd4 Nd7 {is just
fine for Black.}) 14... Qc7 {leaves an uncoordinated impression from White, so
Magnus instead reverts to common-sense development}) 12... Nd7 13. O-O Bxf3 $6
{Grischuk after the game said that 11...b5 was old prep and that his
recollection was that the computers back then said Black was better, meaning
he was in "refutation mode", playing principled decisions to expose the flaws
of the white position. Modern engines, however, have modified their views, and
think Black is fine but not more.} 14. Bxf3 {Common sense, but 14.gxf3
followed by either f4, or h4 has definite potential too.} c4 15. Be2 {One does
not have to be Alphazero to suggest 15 h4! here, Stockfish prefers it too!
Magnus, however, goes for first setting up a broad centre, and then develop
his attack on the wing.} (15. h4 $5) 15... Rfd8 $6 {As in move 13, Grischuk is
too colored by the idea of having a good position and thus plays too
ambitiously aiming for rooks on d8 and c8.} (15... Rad8 $1 {however was more
to the point, caring about defensive details like the rook leaving tha
a8-square this not being targeted by a white bishop on f3m but especially
leaving the rook on f8, where it defends the upcoming assult in the f-line, as
well as being ready to counter there itself.} 16. f4 Qa3 17. Bf3 {when now} Nc5
18. e5 f6 $1 {makes a considerable difference to the game.}) 16. f4 $1 Nb6 ({
The big difference now is that} 16... Qa3 17. Bf3 Nc5 18. e5 f6 19. d6 $1 {
hitting a8 is possible, when after} Rac8 20. Bd5+ e6 21. f5 $1 {Whites attack
just crashes through.}) 17. Bf3 Qa3 18. h4 $5 {In a later interview Magnus
mentioned Alphazero and Danil Dubov as his current chess heroes! One does see
the inspiration, with the optimistic and untamed long-term aggression. There
is no immediate threat, and Black's counterplay might even get there first,
but White does aim after the king, and will hit substantially harder than
Black's smaller threats when the attack arrives at the intended target.} e6 (
18... b4 $5 {aims at distracting white immediately, but he will just ignore
with} 19. h5 $1 {as} Bxc3 20. Qf2 {might have won Black a pawn and created two
passed pawns on the queenside, but White couldn't care less as he intends to
finish the game way before such becomes decisive. After} Bg7 21. hxg6 hxg6 {
both} 22. Bg4 ({and} 22. f5 Rf8 23. e5 $5) 22... b3 23. f5 g5 24. f6 exf6 25.
axb3 cxb3 26. Rc7 {gives White a very promising attack.}) 19. h5 $1 Na4 ({
Grischuk's problem is that} 19... exd5 20. e5 $1 {just makes things even worse
as again Black gets an useless extra pawn while speeding up Whites' attack,
with Bd4, f5, Bg4 etc. being the next wave.}) 20. hxg6 {Not h6! this time but
hxg6. Yes, White has thus spent two tempi opening the h-line, apparantly to
little effect!? Partly it does weaken the g6 pawn, later being a subject to a
possible attack, but as we soon will see, the open h-line very much do has
relevance.} hxg6 21. f5 exf5 (21... Bxc3 {obviously is critical, but apart
from just sidestepping with his queen, White has this even mightier exchange
sac:} 22. Rxc3 $1 {when his attack becomes just unstoppable.} Qxc3 23. Qf2 {
Now 24.Bd4 is a deadly threat, and} Qg7 24. fxe6 fxe6 25. Bg4 $1 {highlights
why the h-line being open does make a major difference, with B(x)e6+ followed
by Qh4+ as the deadly threat.}) 22. exf5 Qd6 23. Bf4 Qb6+ 24. Kh1 gxf5 25. d6
$1 {Grischuk staved off immediate defeat, but the next wave of attack he is
helpless against.} Rab8 26. Bd5 Nc5 27. Bg3 Ne6 28. Rxf5 {Now Rxf7 is a threat.
} Rxd6 29. Bxd6 Qxd6 30. Qe3 Qb6 31. Qf3 Rf8 32. Rf1 Nd8 33. Rh5 Qc7 34. Qe4 {
And where fittingly the open h-line gets the final word. Mate on h7 is
unavoidable so Grischuk resigned.} 1-0

[Event "Amsterdam Levitov blitz"]
[Site "Amsterdam"]
[Date "2019.08.03"]
[Round "1"]
[White "Grischuk, Alexander"]
[Black "Bareev, Evgeny"]
[Result "1-0"]
[WhiteElo "2759"]
[BlackElo "2643"]
[PlyCount "59"]
[EventDate "2019.08.03"]
[EventType "tourn (blitz)"]
[EventRounds "7"]
[EventCountry "NED"]
[EventCategory "20"]
[SourceTitle "CBM 191 Extra"]
[Source "ChessBase"]
[SourceDate "2019.09.30"]
[SourceVersion "1"]
[SourceVersionDate "2019.09.30"]
[SourceQuality "1"]

1. e4 e6 2. d4 d5 3. Nc3 Nf6 4. e5 Nfd7 5. Nce2 c5 6. c3 Nc6 7. Nf3 b5 8. a3
Rb8 9. Nf4 cxd4 10. cxd4 b4 11. a4 b3 12. Bb5 Qb6 13. O-O Ba6 14. Bxa6 Qxa6 15.
Be3 Be7 16. Nd2 O-O 17. Nxb3 Qb6 18. Nc1 Qxb2 19. Ncd3 Qb3 20. Qg4 Kh8 21. h4
Na5 22. Rfd1 Nc4 23. Nh5 Rg8 24. Bg5 Bf8 25. Qf3 Nb2 26. Rab1 Qa3 27. Rxb2 Rxb2
28. Nxb2 Qxb2 29. Qxf7 Nb6 30. Nf4 1-0

[Event "Amsterdam Levitov blitz"]
[Site "Amsterdam"]
[Date "2019.08.03"]
[Round "2"]
[White "Svidler, Peter"]
[Black "Grischuk, Alexander"]
[Result "1-0"]
[WhiteElo "2729"]
[BlackElo "2759"]
[PlyCount "77"]
[EventDate "2019.08.03"]
[EventType "tourn (blitz)"]
[EventRounds "7"]
[EventCountry "NED"]
[EventCategory "20"]
[SourceTitle "CBM 191 Extra"]
[Source "ChessBase"]
[SourceDate "2019.09.30"]
[SourceVersion "1"]
[SourceVersionDate "2019.09.30"]
[SourceQuality "1"]

1. c4 e5 2. g3 Nf6 3. Bg2 d5 4. cxd5 Nxd5 5. Nf3 Nc6 6. O-O Nb6 7. d3 Bc5 8. b3
O-O 9. Bb2 Re8 10. Nbd2 f6 11. Rc1 Bf8 12. Ne4 a5 13. Nc5 Ra7 14. Nd2 Nd4 15.
e3 Ne6 16. Nxe6 Bxe6 17. d4 exd4 18. Bxd4 c6 19. Nc4 c5 20. Bb2 Nd5 21. a4 b6
22. Qh5 Bf7 23. Qe2 Rd7 24. Bh3 Rde7 25. Rfd1 Qc7 26. Rd2 Rd8 27. Rcd1 Ree8 28.
Bg4 Ne7 29. Rd7 Qb8 30. Nd6 Rxd7 31. Bxd7 Rd8 32. Nxf7 Kxf7 33. Qc4+ Kg6 34.
Qe4+ Kf7 35. Qe6+ Kg6 36. h4 h6 37. Qe4+ Kf7 38. h5 Qc7 39. Qe6# 1-0

[Event "Amsterdam Levitov blitz"]
[Site "Amsterdam"]
[Date "2019.08.03"]
[Round "3"]
[White "Grischuk, Alexander"]
[Black "Gelfand, Boris"]
[Result "1-0"]
[WhiteElo "2759"]
[BlackElo "2686"]
[PlyCount "60"]
[EventDate "2019.08.03"]
[EventType "tourn (blitz)"]
[EventRounds "7"]
[EventCountry "NED"]
[EventCategory "20"]
[SourceTitle "CBM 191 Extra"]
[Source "ChessBase"]
[SourceDate "2019.09.30"]
[SourceVersion "1"]
[SourceVersionDate "2019.09.30"]
[SourceQuality "1"]

1. d4 Nf6 2. c4 g6 3. h4 c5 4. d5 Bg7 5. Nc3 d6 6. e4 O-O 7. Be2 e6 8. h5 exd5
9. exd5 Re8 10. h6 Bh8 11. Bg5 Qb6 12. b3 Ne4 13. Nxe4 Rxe4 14. Rc1 Nd7 15. Kf1
Re8 16. Rh4 Ne5 17. g3 a6 18. Kg2 Qa5 19. a4 Bf5 20. Nh3 Bxh3+ 21. Rxh3 Nd7 22.
Bd3 Qb6 23. Rb1 Re5 24. Bf4 Re7 25. a5 Qc7 26. Qd2 Rae8 27. Rhh1 Nf6 28. Rhe1
Nh5 29. Bg5 Re5 30. b4 cxb4 1-0

[Event "Amsterdam Levitov blitz"]
[Site "Amsterdam"]
[Date "2019.08.03"]
[Round "5"]
[White "Grischuk, Alexander"]
[Black "Giri, Anish"]
[Result "1-0"]
[WhiteElo "2759"]
[BlackElo "2779"]
[PlyCount "65"]
[EventDate "2019.08.03"]
[EventType "tourn (blitz)"]
[EventRounds "7"]
[EventCountry "NED"]
[EventCategory "20"]
[SourceTitle "CBM 191 Extra"]
[Source "ChessBase"]
[SourceDate "2019.09.30"]
[SourceVersion "1"]
[SourceVersionDate "2019.09.30"]
[SourceQuality "1"]

1. Nf3 d5 2. d3 g6 3. Nbd2 Bg7 4. e4 dxe4 5. dxe4 Nf6 6. Bc4 O-O 7. O-O Nc6 8.
c3 Nd7 9. Qc2 Nb6 10. Be2 a5 11. a4 e5 12. Rd1 Be6 13. Nc4 Qe7 14. Nxb6 cxb6
15. Be3 Qc7 16. Ng5 Nd8 17. Nxe6 Nxe6 18. Qb3 Nc5 19. Qb5 Rfd8 20. Bc4 h5 21.
Bd5 Rd6 22. Qc4 Rad8 23. Rdb1 Na6 24. b4 axb4 25. cxb4 Qxc4 26. Bxc4 Nb8 27. b5
Nd7 28. Bd5 Rb8 29. a5 bxa5 30. Ba7 Ra8 31. b6 Nc5 32. Rxa5 Rc8 33. Rc1 1-0

[Event "Amsterdam Levitov blitz"]
[Site "Amsterdam"]
[Date "2019.08.03"]
[Round "6"]
[White "Grischuk, Alexander"]
[Black "Kramnik, Vladimir"]
[Result "1/2-1/2"]
[WhiteElo "2759"]
[BlackElo "2753"]
[PlyCount "101"]
[EventDate "2019.08.03"]
[EventType "tourn (blitz)"]
[EventRounds "7"]
[EventCountry "NED"]
[EventCategory "20"]
[SourceTitle "CBM 191 Extra"]
[Source "ChessBase"]
[SourceDate "2019.09.30"]
[SourceVersion "1"]
[SourceVersionDate "2019.09.30"]
[SourceQuality "1"]

1. Nf3 d5 2. d3 g6 3. Nbd2 Bg7 4. e4 e5 5. exd5 Ne7 6. c4 c6 7. dxc6 Nbxc6 8.
Be2 O-O 9. O-O Nf5 10. Re1 Re8 11. Bf1 h6 12. Rb1 a5 13. a3 a4 14. Ne4 Nfd4 15.
Nxd4 Nxd4 16. Be3 Nf5 17. Bc5 b6 18. Bb4 Bb7 19. g3 Qd7 20. Bh3 Qc6 21. Bg2
Rad8 22. Nf6+ Qxf6 23. Bxb7 Nd4 24. Qxa4 h5 25. Bc3 Re7 26. Bxd4 Rxd4 27. Bd5
h4 28. Qc6 Qxc6 29. Bxc6 hxg3 30. hxg3 Rxd3 31. Be4 Rb3 32. Bc2 Rf3 33. Kg2 e4
34. Bxe4 Rb3 35. Bd5 Rxe1 36. Rxe1 Kf8 37. c5 Rxb2 38. c6 Rc2 39. Be4 Rc4 40.
Rd1 Be5 41. Rd8+ Kg7 42. Bd5 Rc5 43. Rd7 Kh6 44. f4 Bb8 45. g4 Bxf4 46. Kf3 Kg5
47. Ke4 f5+ 48. gxf5 gxf5+ 49. Kd4 Bg3 50. Kd3 Be5 51. a4 1/2-1/2

[Event "Amsterdam Levitov blitz"]
[Site "Amsterdam"]
[Date "2019.08.03"]
[Round "7"]
[White "Nepomniachtchi, Ian"]
[Black "Grischuk, Alexander"]
[Result "0-1"]
[WhiteElo "2774"]
[BlackElo "2759"]
[PlyCount "84"]
[EventDate "2019.08.03"]
[EventType "tourn (blitz)"]
[EventRounds "7"]
[EventCountry "NED"]
[EventCategory "20"]
[SourceTitle "CBM 191 Extra"]
[Source "ChessBase"]
[SourceDate "2019.09.30"]
[SourceVersion "1"]
[SourceVersionDate "2019.09.30"]
[SourceQuality "1"]

1. e4 e5 2. Nf3 Nc6 3. c3 d5 4. Qa4 Nf6 5. Bb5 Bd7 6. exd5 Nxd5 7. O-O Bd6 8.
Qb3 Nb6 9. d4 O-O 10. Bg5 Qe8 11. Qd1 e4 12. Re1 f5 13. d5 Qh5 14. dxc6 bxc6
15. Ne5 Qxd1 16. Rxd1 cxb5 17. Nxd7 Nxd7 18. a4 bxa4 19. Rxa4 Nc5 20. Rc4 Nd3
21. Bc1 Rfb8 22. f3 Rxb2 23. Bxb2 Nxb2 24. Rxd6 cxd6 25. Rd4 d5 26. Rxd5 Nc4
27. Rd4 Rb8 28. Rxc4 Rxb1+ 29. Kf2 Rb2+ 30. Kg3 e3 31. f4 Ra2 32. Rc5 g6 33.
Re5 e2 34. c4 Kf7 35. c5 Rc2 36. Kf3 a5 37. g3 a4 38. Kf2 a3 39. c6 a2 40. Ra5
e1=Q+ 41. Kxe1 Rc1+ 42. Kd2 a1=Q 0-1

[Event "chess.com Speed"]
[Site "Chess.com INT"]
[Date "2019.10.03"]
[Round "1.1"]
[White "Artemiev, Vladislav"]
[Black "Grischuk, Alexander"]
[Result "1-0"]
[WhiteElo "2746"]
[BlackElo "2759"]
[PlyCount "81"]
[EventDate "2019.09.02"]
[EventType "k.o. (blitz)"]
[EventRounds "4"]
[EventCountry "USA"]
[SourceTitle "EXT 2020"]
[Source "ChessBase"]
[SourceDate "2019.10.17"]
[SourceVersion "1"]
[SourceVersionDate "2019.10.17"]
[SourceQuality "1"]

1. Nf3 d5 2. e3 Nf6 3. c4 e6 4. b3 c5 5. Bb2 Nc6 6. cxd5 exd5 7. Bb5 Bd6 8. d4
cxd4 9. Nxd4 O-O 10. O-O Bc7 11. Nd2 Qd6 12. g3 Bd7 13. Be2 a6 14. N2f3 Rfe8
15. Rc1 Ne4 16. Nd2 Nf6 17. Re1 Bb6 18. Nxc6 Bxc6 19. Nc4 Qd8 20. Nxb6 Qxb6 21.
Bxf6 gxf6 22. Bd3 Re5 23. Qg4+ Kf8 24. Bxh7 Rae8 25. Rcd1 Qa5 26. Qh4 Kg7 27.
Bb1 Rh8 28. Qd4 Qc7 29. h4 Qc8 30. Kg2 Bd7 31. Rc1 Bh3+ 32. Kh2 Qd7 33. f4 Reh5
34. f5 Bxf5 35. Rf1 Bxb1 36. Qxf6+ Kg8 37. Rxb1 R8h6 38. Qf4 Rg6 39. Rbc1 Rg4
40. Rc8+ Qxc8 41. Qxf7+ 1-0

[Event "chess.com Speed"]
[Site "Chess.com INT"]
[Date "2019.10.03"]
[Round "1.2"]
[White "Grischuk, Alexander"]
[Black "Artemiev, Vladislav"]
[Result "1-0"]
[WhiteElo "2759"]
[BlackElo "2746"]
[PlyCount "111"]
[EventDate "2019.09.02"]
[EventType "k.o. (blitz)"]
[EventRounds "4"]
[EventCountry "USA"]
[SourceTitle "EXT 2020"]
[Source "ChessBase"]
[SourceDate "2019.10.17"]
[SourceVersion "1"]
[SourceVersionDate "2019.10.17"]
[SourceQuality "1"]

1. e4 c6 2. d4 d5 3. e5 Bf5 4. Nf3 e6 5. Be2 Nd7 6. O-O Bb4 7. Nbd2 h6 8. Re1
Ne7 9. c3 Ba5 10. Nf1 Bg6 11. Nh4 Bh7 12. Ng3 Ng6 13. Nf3 O-O 14. Nh5 f6 15.
exf6 Nxf6 16. Nf4 Nxf4 17. Bxf4 Ne4 18. Be5 Bc7 19. Rf1 Bb6 20. a4 Bg6 21. Nd2
Bc7 22. Nf3 Bb6 23. Nd2 Bc7 24. Bxc7 Qxc7 25. Nf3 Bh5 26. Ne5 Bxe2 27. Qxe2 c5
28. a5 cxd4 29. cxd4 Rac8 30. Qe3 Qc2 31. f3 Nd2 32. Rf2 Qc1+ 33. Rf1 Qxb2 34.
Nd3 Nxf3+ 35. gxf3 Qb5 36. Qxe6+ Kh7 37. Ne5 Qb2 38. Qg6+ Kg8 39. Rad1 Rc2 40.
Qg3 Rf5 41. h4 Qc3 42. Rf2 Rxf2 43. Qxf2 Qxa5 44. Kh2 Qc7 45. Rg1 Rf4 46. Kh3
Qc8+ 47. Kg3 Rf6 48. Qe3 a5 49. Kh2 Qd8 50. Ng4 Qd6+ 51. Kh3 Re6 52. Ne5 b5 53.
f4 b4 54. f5 Re7 55. Rg6 Qc7 56. f6 1-0

[Event "chess.com Speed"]
[Site "Chess.com INT"]
[Date "2019.10.03"]
[Round "1.3"]
[White "Artemiev, Vladislav"]
[Black "Grischuk, Alexander"]
[Result "1/2-1/2"]
[WhiteElo "2746"]
[BlackElo "2759"]
[PlyCount "79"]
[EventDate "2019.09.02"]
[EventType "k.o. (blitz)"]
[EventRounds "4"]
[EventCountry "USA"]
[SourceTitle "EXT 2020"]
[Source "ChessBase"]
[SourceDate "2019.10.17"]
[SourceVersion "1"]
[SourceVersionDate "2019.10.17"]
[SourceQuality "1"]

1. d4 Nf6 2. Nc3 d5 3. Bg5 g6 4. Qd2 Bg7 5. Bh6 Bxh6 6. Qxh6 Bf5 7. O-O-O Ng4
8. Qh4 e6 9. Qg3 Qd6 10. Qf3 Nd7 11. g3 c5 12. e3 cxd4 13. exd4 Rc8 14. Bd3
Ngf6 15. Bxf5 gxf5 16. Nge2 Nb6 17. b3 Ne4 18. Kb1 Qb4 19. Nxe4 dxe4 20. Qf4
Nd5 21. Qd2 Nc3+ 22. Nxc3 Qxc3 23. Qe2 h5 24. d5 e5 25. d6 Kd7 26. Rd5 Rc6 27.
Rhd1 Rh6 28. h4 Rhxd6 29. Rxd6+ Rxd6 30. Qxh5 Rxd1+ 31. Qxd1+ Ke6 32. Qc1 Qf3
33. Qh6+ f6 34. Qf8 Qxf2 35. Qc8+ Kd6 36. Qd8+ Ke6 37. Qe8+ Kd6 38. Qd8+ Ke6
39. Qe8+ Kd6 40. Qd8+ 1/2-1/2